[Event "Robecchetto Autunn op 10th"]
[Site "Robecchetto"]
[Date "2013.10.10"]
[Round "2"]
[White "Bencivenga, Antonio"]
[Black "De Dominicis, Arrigo"]
[Result "1-0"]
[WhiteElo "1476"]
[BlackElo "1299"]
[PlyCount "31"]
[EventDate "2013.10.03"]
[EventType "swiss"]
[EventRounds "7"]
[EventCountry "ITA"]
[SourceTitle "EXT 2015"]
[Source "ChessBase"]
[SourceDate "2014.11.20"]
[SourceVersion "1"]
[SourceVersionDate "2014.11.20"]
[SourceQuality "1"]

1. d4 d5 2. Nf3 Nf6 3. c4 dxc4 4. Qa4+ Nc6 5. Qxc4 Be6 6. Qd3 h6 7. Bf4 Bg4 8. Nc3 Bxf3 9. Qxf3 Nxd4 10. Qd3 c6 11. 0-0-0 c5 12. e3 Nd5 13. Nxd5 Qxd5 14. exd4 Rd8 15. Qb5+ Qd7 16. dxc5 1-0

[Event "Robecchetto Spring op 8th"]
[Site "Robecchetto"]
[Date "2011.05.12"]
[Round "6"]
[White "Redamante, Marzio"]
[Black "Bencivenga, Antonio"]
[Result "1-0"]
[WhiteElo "1497"]
[BlackElo "1410"]
[PlyCount "67"]
[EventDate "2011.04.07"]
[EventType "swiss"]
[EventRounds "7"]
[EventCountry "ITA"]
[SourceTitle "EXT 2024"]
[Source "ChessBase"]
[SourceDate "2023.10.10"]
[SourceVersion "1"]
[SourceVersionDate "2023.10.10"]
[SourceQuality "1"]

1. d4 e6 2. Bf4 d5 3. Nf3 Bd6 4. Bxd6 Qxd6 5. e3 Qb4+ 6. Nbd2 Qxb2 7. c4 dxc4 8. Bxc4 Qb4 9. Rb1 Qd6 10. Ne4 Qd8 11. 0-0 Nf6 12. Nxf6+ Qxf6 13. Qa4+ Bd7 14. Qb4 b6 15. Ne5 c5 16. Nxd7 cxb4 17. Nxf6+ gxf6 18. Bb5+ Nd7 19. Rfc1 Ke7 20. Rc7 Rhd8 21. Rxb4 a5 22. Rbc4 Rab8 23. Ra7 Ra8 24. Rb7 Rab8 25. Rcc7 Rxb7 26. Rxb7 Kd6 27. Bxd7 Rxd7 28. Rxb6+ Kc7 29. Ra6 Rd5 30. Ra7+ Kb6 31. Rxf7 Kb5 32. Rxf6 Kb4 33. Rxe6 Ka3 34. Re5 1-0

[Event "Robecchetto Spring op 8th"]
[Site "Robecchetto"]
[Date "2011.04.28"]
[Round "4"]
[White "Melino, Gianluca"]
[Black "Bencivenga, Antonio"]
[Result "1-0"]
[WhiteElo "1769"]
[BlackElo "1410"]
[PlyCount "109"]
[EventDate "2011.04.07"]
[EventType "swiss"]
[EventRounds "7"]
[EventCountry "ITA"]
[SourceTitle "EXT 2024"]
[Source "ChessBase"]
[SourceDate "2023.10.10"]
[SourceVersion "1"]
[SourceVersionDate "2023.10.10"]
[SourceQuality "1"]

1. d4 e6 2. Nf3 d5 3. e3 Nf6 4. Bd3 c5 5. b3 cxd4 6. exd4 Nc6 7. a3 a5 8. Bb2 Be7 9. 0-0 0-0 10. Nbd2 Re8 11. Ne5 Bf8 12. Nxc6 bxc6 13. Nf3 g6 14. Ne5 Bb7 15. Re1 Bg7 16. c3 Rc8 17. b4 Ra8 18. Qe2 Nh5 19. Bc1 f6 20. Nxg6 hxg6 21. Bxg6 f5 22. Qxh5 Kf8 23. Bxe8 Qxe8 24. Qxe8+ Rxe8 25. Bf4 a4 26. Re2 Ba6 27. Re3 Kf7 28. Rae1 Bc8 29. Rh3 Kg6 30. Rhe3 Kf7 31. h4 Kg6 32. Be5 Bxe5 33. Rxe5 Kh5 34. g3 Kg4 35. Kg2 Rf8 36. f3+ Kh5 37. Kh3 Kg6 38. Kg2 Rf6 39. g4 fxg4 40. fxg4 Rf8 41. Rf1 Rxf1 42. Kxf1 Kf6 43. Kg2 Bd7 44. Kf3 Be8 45. Kf4 Bf7 46. h5 Bg8 47. g5+ Kf7 48. Re2 Ke7 49. Ke5 Bf7 50. g6 Be8 51. Rf2 Kd7 52. Rf7+ Bxf7 53. gxf7 Ke7 54. f8Q+ Kxf8 55. Kf6 1-0

[Event "Robecchetto op-B 20th"]
[Site "Robecchetto"]
[Date "2009.12.30"]
[Round "6"]
[White "Motola, Jacopo"]
[Black "Bencivenga, Antonio"]
[Result "1-0"]
[WhiteElo "1455"]
[BlackElo "1353"]
[PlyCount "93"]
[EventDate "2009.12.27"]
[EventType "swiss"]
[EventRounds "6"]
[EventCountry "ITA"]
[SourceTitle "EXT 2023"]
[Source "ChessBase"]
[SourceDate "2022.10.05"]
[SourceVersion "1"]
[SourceVersionDate "2022.10.05"]
[SourceQuality "1"]

1. e4 e6 2. d4 d5 3. e5 c5 4. c3 Ne7 5. Nf3 Ng6 6. Be3 Be7 7. dxc5 a6 8. b4 0-0 9. Qd2 Nd7 10. Bd4 Qc7 11. Qe3 Rb8 12. a4 b6 13. cxb6 Nxb6 14. Bxb6 Rxb6 15. a5 Rc6 16. Be2 Bxb4 17. cxb4 Rc1+ 18. Bd1 Bd7 19. 0-0 Bb5 20. Be2 Rxf1+ 21. Bxf1 Rc8 22. Bxb5 axb5 23. g3 Ne7 24. Na3 Rb8 25. Rc1 Qd8 26. Nd4 Qe8 27. Rc7 Ng6 28. f4 Ne7 29. Qc3 g6 30. Qc5 Nf5 31. Nxf5 gxf5 32. Qe7 d4 33. Qxe8+ Rxe8 34. Rd7 Rc8 35. Rxd4 Rc1+ 36. Kg2 Ra1 37. Nxb5 Ra2+ 38. Kh3 f6 39. exf6 Kf7 40. Rd6 Kxf6 41. a6 Rc2 42. a7 Rc8 43. Rb6 h5 44. Rb8 Rc4 45. a8Q Rxb4 46. Rf8+ Ke7 47. Qd8# 1-0

[Event "Vanzaghello op 5th"]
[Site "Vanzaghello"]
[Date "2009.05.08"]
[Round "1"]
[White "Bencivenga, Antonio"]
[Black "Melino, Gianluca"]
[Result "0-1"]
[WhiteElo "1371"]
[BlackElo "1804"]
[PlyCount "118"]
[EventDate "2009.05.08"]
[EventType "swiss"]
[EventRounds "5"]
[EventCountry "ITA"]
[SourceTitle "EXT 2011"]
[Source "ChessBase"]
[SourceDate "2010.11.26"]
[SourceVersion "1"]
[SourceVersionDate "2010.11.26"]
[SourceQuality "1"]

1. d4 g6 2. e4 Bg7 3. c4 d6 4. Nf3 e5 5. dxe5 dxe5 6. Qxd8+ Kxd8 7. Be2 Ne7 8. 0-0 c6 9. Nc3 h6 10. h3 Be6 11. Nh2 Nd7 12. f4 exf4 13. Bxf4 Be5 14. Bxe5 Nxe5 15. b3 Kc7 16. Bg4 Rhf8 17. Rf6 Ng8 18. Rf2 Rad8 19. Bxe6 fxe6 20. Rxf8 Rxf8 21. Rd1 Ne7 22. Nf1 Nc8 23. c5 Rd8 24. Rxd8 Kxd8 25. b4 Nd3 26. a3 Ke7 27. g4 Kf6 28. Kg2 Ke5 29. Kf3 Ne1+ 30. Kf2 Nc2 31. Ng3 Nxa3 32. Nge2 Nc2 33. Ng3 Nxb4 34. h4 Nd3+ 35. Ke3 Nxc5 36. Nce2 Ne7 37. Nf1 Nxe4 38. Nd4 Nc5 39. Nf3+ Kf6 40. Kd4 Nd7 41. N1d2 c5+ 42. Ke4 b5 43. Nb3 c4 44. Nbd4 b4 45. g5+ hxg5 46. Nxg5 b3 47. Ne2 Nf5 48. Nc3 Nxh4 49. Nh3 Nf5 50. Nf2 a5 51. Ng4+ Kf7 52. Nf2 Nc5+ 53. Kf3 Nd4+ 54. Ke3 Nc2+ 55. Kd2 a4 56. Nfd1 a3 57. Kc1 Nd3+ 58. Kb1 g5 59. Na2 g4 0-1

[Event "Ceriano Laghetto op"]
[Site "Ceriano Laghetto"]
[Date "2009.03.03"]
[Round "5"]
[White "Bencivenga, Antonio"]
[Black "Mondini, Francesco"]
[Result "1/2-1/2"]
[WhiteElo "1407"]
[BlackElo "1514"]
[PlyCount "23"]
[EventDate "2009.02.03"]
[EventType "swiss"]
[EventRounds "6"]
[EventCountry "ITA"]
[SourceTitle "EXT 2011"]
[Source "ChessBase"]
[SourceDate "2010.11.26"]
[SourceVersion "1"]
[SourceVersionDate "2010.11.26"]
[SourceQuality "1"]

1. d4 d5 2. e4 dxe4 3. f3 e6 4. c3 exf3 5. Nxf3 Nc6 6. Bc4 Nf6 7. Be3 Be7 8. 0-0 Ng4 9. Re1 Qd6 10. Na3 Na5 11. Bb3 Nxb3 12. Qxb3 1/2-1/2

[Event "Ceriano Laghetto op"]
[Site "Ceriano Laghetto"]
[Date "2009.02.24"]
[Round "4"]
[White "Cervini, Gian Piero"]
[Black "Bencivenga, Antonio"]
[Result "1-0"]
[WhiteElo "1819"]
[BlackElo "1407"]
[PlyCount "65"]
[EventDate "2009.02.03"]
[EventType "swiss"]
[EventRounds "6"]
[EventCountry "ITA"]
[SourceTitle "EXT 2011"]
[Source "ChessBase"]
[SourceDate "2010.11.26"]
[SourceVersion "1"]
[SourceVersionDate "2010.11.26"]
[SourceQuality "1"]

1. e4 d6 2. d4 Nf6 3. Nc3 g6 4. Bg5 Bg7 5. Qd2 Nbd7 6. f4 c5 7. e5 dxe5 8. dxe5 Ng4 9. Nd5 f6 10. exf6 exf6 11. Qe2+ Kf8 12. Bh4 Qe8 13. Qxe8+ Kxe8 14. Nc7+ Kd8 15. Nxa8 b6 16. 0-0-0 Bb7 17. Bb5 Bh6 18. Rxd7+ Kc8 19. Ne2 Bxa8 20. Rxa7 Kb8 21. Rf7 Bxg2 22. Rd1 Be4 23. Bxf6 Nxf6 24. Rxf6 Bf3 25. Rxb6+ Kc7 26. Rf6 Ra8 27. Kb1 Ra5 28. Rd7+ Kb8 29. Nc3 Ra7 30. Rb6+ Rb7 31. Rdxb7+ Bxb7 32. Bc6 Kc7 33. Nd5+ 1-0

[Event "Monza op"]
[Site "Monza"]
[Date "2006.03.18"]
[Round "1"]
[White "Serio, Danilo"]
[Black "Bencivenga, Antonio"]
[Result "1-0"]
[WhiteElo "1916"]
[BlackElo "1443"]
[PlyCount "93"]
[EventDate "2006.03.18"]
[EventType "swiss"]
[EventRounds "6"]
[EventCountry "ITA"]
[SourceTitle "EXT 2007"]
[Source "ChessBase"]
[SourceDate "2006.11.23"]
[SourceVersion "1"]
[SourceVersionDate "2006.11.23"]
[SourceQuality "1"]

1. f4 d6 2. Nf3 Nf6 3. g3 g6 4. Bg2 Bg7 5. 0-0 0-0 6. d3 Nc6 7. e4 e5 8. c3 Bg4 9. Qb3 Na5 10. Qa4 c5 11. fxe5 dxe5 12. Nxe5 b6 13. Bg5 Be6 14. Na3 h6 15. Be3 Ng4 16. Nxg4 Bxg4 17. d4 Bd7 18. Qc2 Rc8 19. Qd2 Nc6 20. dxc5 bxc5 21. Bxc5 Re8 22. Qf2 Be6 23. Bxa7 Nxa7 24. Qxa7 Rb8 25. Qf2 Qc7 26. Kh1 Qb7 27. b3 Bxc3 28. Rac1 Bg7 29. Nc4 Bxc4 30. Rxc4 Re5 31. Rfc1 Kh7 32. Rc7 Qa6 33. Rxf7 Rg8 34. Qf4 Qd6 35. Bf1 Qd4 36. Bg2 Qb2 37. Rcc7 Qb1+ 38. Bf1 Qxe4+ 39. Qxe4 Rxe4 40. Bc4 Re1+ 41. Kg2 h5 42. Rfd7 Ree8 43. Bxg8+ Rxg8 44. Rxg7+ Rxg7 45. Rxg7+ Kxg7 46. a4 Kf7 47. a5 1-0

[Event "Lombardia-ch"]
[Site "Monza"]
[Date "2005.05.15"]
[Round "2"]
[White "Tassini, Marco"]
[Black "Bencivenga, Antonio"]
[Result "1-0"]
[WhiteElo "1691"]
[BlackElo "1476"]
[PlyCount "52"]
[EventDate "2005.05.14"]
[EventType "swiss"]
[EventRounds "6"]
[EventCountry "ITA"]
[SourceTitle "EXT 2007"]
[Source "ChessBase"]
[SourceDate "2006.11.23"]
[SourceVersion "1"]
[SourceVersionDate "2006.11.23"]
[SourceQuality "1"]

1. d4 g6 2. c4 d6 3. Nc3 Nf6 4. e4 Bg7 5. Be2 0-0 6. Nf3 Nc6 7. Bg5 h6 8. Be3 e5 9. d5 Nb8 10. Qd2 Kh7 11. h3 c6 12. g4 Rh8 13. g5 hxg5 14. Bxg5 cxd5 15. Nxd5 Nbd7 16. 0-0-0 Nxe4 17. Bxd8 Nxd2 18. Ng5+ Kg8 19. Rxd2 f6 20. Ne4 Nc5 21. Nxd6 Rxh3 22. Rxh3 Bxh3 23. Bxf6 Bh6 24. f4 exf4 25. Bf3 Rb8 26. Rh2 Nd3+ 1-0